| 000 | 00000nam##2200000za#4500 |
| 001 | 9.602446 |
| 003 | CaOODSP |
| 005 | 20240212134142 |
| 007 | cr ||||||||||| |
| 008 | 150406|1989||||xxc|||||o f|0| 0 fre|d |
| 040 | |aCaOODSP|bfre |
| 043 | |an-cn--- |
| 086 | 1 |aNE22-1/1989-9F-PDF |
| 110 | 1 |aCanada. |bOffice national de l'énergie. |
| 245 | 10|aMotifs de décision relativement à Foothills Pipe Lines (Alta.) Ltd. : |h[ressource électronique]|bdemande relative à des installations |
| 246 | 1 |iTitre de renvoi : |aFoothills Pipe Lines (Alta.) Ltd. |
| 260 | |aOttawa - Ontario : |bOffice national de l'énergie |cJuin 1989. |
| 300 | |a31p.|bfigures, carte, tableaux |
| 490 | 1 |aMotifs de décision|vGHW-1-89 |
| 500 | |aLe nº de catalogue (NE22-1/1989-9F) et l'ISBN (0-662-95583-8) de l'édition imprimée ont été incorrectement copiés dans cette édition électronique. Exemplaire, p. 1 défectueux. |
| 590 | |a12-04-Supp|b2012-02-20 |
| 775 | 08|tReasons for decision in the matter of Foothills Pipe Lines (Alta.) Ltd. : |w(CaOODSP)9.572031 |
| 830 | #0|aMotifs de décision (Canada. Office national de l'énergie)|vGHW-1-89|w(CaOODSP)9.500899 |
| 856 | 40|ahttp://publications.gc.ca|qPDF|s202 Ko|uhttps://publications.gc.ca/collections/Collection/NE22-1-1989-9F.pdf|yGHW-1-89 |